Fallout New Vegas - NCR Characters - Statistics

General Stats
  • This quiz has been taken 36 times
  • The average score is 13 of 87
Answer Stats
Hint Answer % Correct
President and retired decorated NCR Army general Aaron Kimball
76%
Retired NCR 1st Recon sharpshooter and Novac's night-shift town guard Craig Boone
64%
The commanding officer of the New California Republic Army in the Mojave Wasteland General Lee Oliver
56%
1st Recon sharpshooter stationed at either Camp McCarran or Camp Forlorn Hope. The player can convince her to go to Doctor Usanagi to help with her Trauma Betsy
48%
The commanding officer of the New California Republic Army's Camp McCarran and New Vegas garrison units. He is found at Camp McCarran terminal building, in his office in the northern section on the building's ground floor. James Hsu
40%
A New Californian citizen and former Khan who is a veteran NCR Army sniper living in Novac, he is one of the two former NCR 1st Recon snipers who are now sentries in Novac Manny Vargas
40%
The youngest member of the NCR's 1st Recon Alpha Team, living at Camp McCarran. The player can ask him how to help Corporal Betsy during "I Don't Hurt Anymore" 10 of Spades
36%
An NCR Ranger stationed at the Mojave Outpost. She can be found on top of the barracks, and gives the player the quest "Keep Your Eyes on the Prize" to go check on Nipton Ranger Ghost
36%
Doctor stationed at Camp Forlorn Hope Alex Richards
32%
Former Great Khan, he is now a NCR 1st Recon sniper stationed at Camp McCarran Bitter-Root
32%
The commanding officer of the NCR Army forces stationed at Hoover Dam Cassandra Moore
28%
The grizzled leader of the NCR Rangers and war hero currently stationed in Camp Golf. As the commanding officer, he is responsible for coordinating Ranger operations throughout the Mojave. During the quest "Return to Sender," the player discovers that he is falsifying field reports in favor of the Legion Chief Hanlon
28%
The ambassador to New Vegas for the New California Republic Dennis Crocker
28%
A man working at HELIOS One as a technician for the NCR. It is obvious, however, despite having a "theoretical degree in physics," his technical expertise is severely lacking and is merely using the position as a way to fuel his drug addiction Fantastic
28%
A ghoul trapped in Vault 22. She is a researcher for the New California Republic's Office of Science and Industry Keely
28%
Trooper stationed at Camp McCarran, found sitting in the concourse. Gives the player the unmarked quest, "A Final Plan for Esteban" Christina Morales
24%
A lieutenant of the New California Republic Army, 5th Battalion, 1st Company located in Primm, he has been charged with the containment of the Powder Gangers, who have taken control of the NCR Correctional Facility Hayes
24%
A NCR Ranger and the commanding officer of Mojave Outpost, who gives the player the quest "Can You Find it in Your Heart?" to clear out the critters by the road near Ivanpah Dry Lake Ranger Jackson
24%
Was a New California Ranger stationed at Camp McCarran.He and his best friend were stationed together at Camp McCarran. When his friend was killed by the Fiends, he took it upon himself to retrieve the body of his fallen comrade without the brass' approval. His body can be found near REPCONN headquarters Thomas Jackson
24%
(Former) NCR ranger living in Novac. Asks the player to check on the other rangers at Ranger Station Charlie Andy
20%
One of NCR's frontline troopers stationed at Camp Forlorn Hope living in the Mojave Wasteland, he is in charge of keeping the morale up. He has created a contest of sorts which entails taking ears off of legionaries and keeping tally of how many legionaries have been killed by the soldiers at Camp Forlorn Hope. James Sexton
20%
An officer of the New California Republic Army, heading Bravo Company at Camp McCarran. The captain's real identity is that of a frumentarius planted several years ago by Caesar's Legion to spy on and sabotage the NCR Army Ronald Curtis
20%
An engineer stationed at the Hoover Dam, who can't find her friend "Ben" Allison Valentine
16%
First Sergeant who is stationed at Camp Searchlight. Warns the player of radiation and ghoulified NCR soldiers in the area Astor
16%
NCR ranger found in Vault 3, which Colonel Hsu sends the player to find. He has an injured leg, and can either be sent back to Camp McCarran, or help the player in killing Motor Runner Bryce Anders
16%
MP at Camp McCarran. After completing "Silus Treatment," she will move around the building, but can often be found in her office on the east side of the second floor Carrie Boyd
16%
A NCR officer stationed at Camp McCarran, and he wants someone to take care of some Fiends for him. He is typically found outside the terminal right by the tents Dhatri
16%
Major of the New California Republic Army supply corps and provides aid to NCR Squatters living in Freeside Elizabeth Kieran
16%
Deceased husband of above Esteban Morales
16%
An NCR private encountered in Boulder City who is paying his respects to his brother at the war memorial Kowalski
16%
A member of the NCR living in Primm. During the quest "My Kind of Town," the player can choose McGee to be instated as the new sheriff of Primm McGee
16%
An NCR Ranger found patrolling at a small NCR checkpoint on the road heading east to Nelson. Once the player has gotten to an NCR checkpoint, he will ask them for assistance Ranger Milo
16%
A mess officer for the NCR Army stationed at Camp McCarran, and needs his food processor repaired as well as some spices to make meat taste better William Farber
16%
Colleague of above. Asks the player to find Keely and get her back safely if she's still alive Angela Williams
12%
An NCR supply merchant in Camp McCarran. Uses his position as a supply sergeant to steal weapons and ammunition meant for Army use and resell them on the black market to mercenaries Daniel Contreras
12%
NCR captain located in the Bitter Springs refugee camp Gilles
12%
An NCR soldier stationed as commanding officer at HELIOS One Haggerty
12%
A New California Republic Army military policeman stationed at Camp Guardian. The sole survivor of a lakelurk attack, he can be found injured in the Camp Guardian caves. Halford
12%
The commanding officer of Camp Forlorn Hope Joseph Polatli
12%
The doctor for Camp McCarran. He can be found in a corner of the concourse inside Camp McCarran Kemp
12%
A Soldier in the New California Republic Army, 5th Battalion, 1st Company. He is the commander of the strike force sent to retake the NCR Correctional Facility from the Powder Ganger, and If the facility is retaken, he is put in charge of NCRCF Lee
12%
Stationed at Boulder City, he informs the player that some Great Khans have holed up in the city and taken two privates captive Lieutenant Monroe
12%
Squad leader of the Misfits, living in Camp Golf. During "Flags of Our Foul-Ups," she will tell the player that the squad needs to improve in the shooting range and at throwing grenades Mags
12%
The head officer of the NCR military police serving at the NCR Embassy Marie Pappas
12%
The head engineer at Hoover Dam, and the player is sent to get details from him during a Legion insurgence in the Hoover Dam power plant Mike Lawson
12%
An NCR soldier and part of the Misfits living in Camp Golf. During the quest "Flags of Our Foul-Ups," he will emphasize to the player that the best way to raise the Misfits' morale is to improve teamwork and strengthen their relationships O'Hanrahan
12%
An NCR soldier and part of the Misfits living in Camp Golf. During "Flags of Our Foul-Ups," he will tell the player that altering the records in the Camp's computer system would make it seem that they're doing better than they actually are Poindexter
12%
An NCR soldier and part of the Misfits living in Camp Golf. During "Flags of Our Foul-Ups," he asks the player to get some "angry juice" from Jack in Red Rock Canyon and bring the suspicious package back to him Razz
12%
An NCR sergeant in charge of Camp Golf, and is the misfits' commanding officer and as such he wants them to become an effective unit, but he needs some external help Sgt. McCredie
12%
The director of operations of the Office of Science and Industry (OSI) East, living in the Camp McCarran. Starts the quest "There Stands the Grass," which sends the player to Vault 22 to retrieve some data that no one else has been able to Thomas Hildern
12%
A NCR officer stationed at Camp Forlorn Hope. Usually, he can be found in his tent across from the storage shed, and asks the player to bring him any NCR dogtags they find Carl Mayes
8%
An undisciplined and self-centered trooper at Camp McCarran with no respect or concern for anyone. Well known for inciting many harmless pranks Davey Crenshaw
8%
A member of the New California Republic Rangers. Her main duty is maintaining the NCR Ranger safehouse Gomez
8%
An NCR soldier being honored during Aaron Kimball's speech. During "Arizona Killer," the player can stick some C4 in his helmet to kill President Aaron Kimball Jeremy Watson
8%
An NCR Ranger stationed at Ranger Station Foxtrot and keeps lookout for the Great Khans' activities Kudlow
8%
An NCR soldier turned ghoul found at Camp Searchlight, he is holed up in a Searchlight home northwest of the elementary school. His former commanding officer believes every ghoul in Camp Searchlight is suffering, feral or not, and needs to be put down as a sign of compassion, but in his own words, he "may be suffering, but [he] still wants to live" Kyle Edwards
8%
Merchant found at the Mojave Outpost Lacey
8%
A communications officer stationed at Ranger Station Foxtrot, and is one of the officers you can give the upgrade codes to during "Return to Sender" Lenk
8%
The receptionist at the NCR Embassy Liza O'Malley
8%
An NCR army doctor stationed at Bitter Springs. While he has extensive medical knowledge and field first aid, he was not trained to treat the psychological trauma and asks the player to bring him some books on the subject. Markland
8%
A woman living in Vault 21 on the New Vegas Strip who lands a spot as an NCR informant, hanging around casinos (and unknowingly gathering intel for Caesar's Legion) Martina Groesbeck
8%
The commanding officer of Ranger Station Alpha Rebecca Lineholm
8%
In charge of keeping track of the radio transmissions in the Camp Forlorn Hope command center. If the player character speaks to her, she expresses concern about radio security. She asks them to visit the six Ranger stations scattered throughout the Mojave Wasteland and give them updated radio security codes, starting the quest "Return to Sender" Reyes
8%
An NCR soldier serving at Camp McCarran, and talking to him with Raul Tejada in the player's party will complete one of the requirements for Raul's quest Sterling
8%
Quartermaster at Hoover Dam Bardon
4%
Commander of Ranger Station Bravo Ericsen
4%
The radio operator of Ranger Station Echo, whose job is to "spy" on the Legion base, Cottonwood Cove. He is one of the officers you can give the upgrade codes to during "Return to Sender" Green
4%
A former combat medic of the New California Republic Army, he's now the acting medical specialist of the Powder Gangers Hannigan
4%
An NCR soldier found at the NCR Embassy in New Vegas, and a known prankster who is currently very close to being reprimanded Jake Erwin
4%
A soldier guarding the entrance to the landing pad at Hoover Dam, and will let the Courier through anytime they want during "You'll Know it When it Happens" Jensen
4%
An NCR Ranger working as an undercover agent investigating a chem ring in Westside Keller
4%
A member of the NCR Army stationed on the Long 15. Access to this location will only be given if the Courier chooses to launch the nuclear weapons at NCR territory during the Lonesome Road DLC Royez
4%
A non-commissioned NCR officer stationed at the Mojave Outpost. During the quest "Cold, Cold Heart," the player goes to him to spread word of legion atrocities at Nipton Sergeant Kilborn
4%
An NCR Ranger who appears at the Hoover Dam in preparation for President Kimball's visit who can be persuaded to let the Courier borrow his dog for a security sweep, but only if the Courier has the Animal Friend perk, and Rex is not currently in the party Stevens
4%
A soldier serving the New California Republic at Camp Forlorn Hope.The constant terror created by the threat of Legion raids or even a full on assault has taken a heavy toll on him, and no longer being able to handle it, he begins using hydra, which he steals from the Camp Forlorn Hope medical center at night Stone
4%
An NCR MP stationed at Camp McCarran. He stands guard by the door to the interrogation room and assists in the interrogation of a Legion centurion, Silus Walter Hornsby
4%
An NCR Ranger living at Ranger Station Alpha. During "Return to Sender," he is one of the people the player character can give the upgrade codes to. Castillo
0%
An NCR Ranger scouting out in Hidden Valley. During the quest "Still in the Dark," the player is sent by the Brotherhood of Steel to "remove" him Dobson
0%
An NCR Ranger and the commander of Ranger Station Echo Erasmus
0%
A competent NCR trooper in charge of 1st Recon Alpha Team deployed in the Mojave, stationed at Camp McCarran Goroebets
0%
An NCR Ranger coordinating security during President Kimball's visit and speech, and assists the player during the quest "You'll Know it When it Happens" Graham Grant
0%
An NCR trooper on a road west of Techatticup Mine. He gives the player the quest "Anywhere I Wander," and will inform the player that his squad was taken hostage inside the mine up ahead by the Legion and asks for their assistance in rescuing his fellow soldiers Renolds
0%
An NCR officer stationed at the NCR sharecropper farms. During the quest "White Wash," the player is sent to him to investigate the disappearance of Corporal White Romonowski
0%
The camp medic in Camp Golf, he can be found in a tent just next to the trooper tents Sawbones
0%
The communications officer stationed at Ranger Station Delta, and is one of the officers you can give the upgrade codes to during "Return to Sender" Scheffer
0%
An NCR Ranger posted at Ranger Station Charlie, and is one of the officers you can give the upgrade codes to during "Return to Sender" Stepinac
0%
The communications officer of Ranger Station Bravo, and is one of the officers you can give the upgrade codes to during "Return to Sender" Tilden
0%
No matching quizzes found
Score Distribution
Percent of People with Each Score
Percentile by Number Answered
Your Score History
You have not taken this quiz